000 00659nam a2200217Ia 4500
001 4192
003 GE_BSU
008 181216s||||||||xx |||||||||||||| ||und||
040 _cGE_BSU
080 _a622.24
100 _aКалентьев,В.А. Кулявин,В.И.
245 _aБурение глубоких нефтяных и газовых скважин.
245 _cРед. из-во Н.А.Круглова.
260 _aМ.
260 _bНедра.
260 _c1970.
300 _a248стр.23см.
300 _eтабл.
653 _aБурение глубоких нефтяных и газовых скважин.
942 _cBK
999 _c38202
_d38202